Instructor's Manual to Accompany Statistical Techniques in Business and Economics
Uložené v:
| Hlavný autor: | |
|---|---|
| Ďalší autori: | |
| Médium: | Kniha |
| Jazyk: | English |
| Vydavateľské údaje: |
Homewood
IRWIN
1990
|
| Vydanie: | 7. ed. |
| Predmet: | |
| Tagy: |
Žiadne tagy, Buďte prvý, kto otaguje tento záznam!
|
MARC
| LEADER | 00000nam a2200000 4500 | ||
|---|---|---|---|
| 001 | c009666 | ||
| 005 | 20221206122953.1 | ||
| 020 | |a 0-256-08129-8 | ||
| 041 | 0 | |a eng | |
| 044 | |a US | ||
| 245 | 1 | 0 | |a Instructor's Manual to Accompany Statistical Techniques in Business and Economics |c Robert D. Mason, Douglas A. Lind |
| 250 | |a 7. ed. | ||
| 264 | 1 | |a Homewood |b IRWIN |c 1990 | |
| 300 | |a 96 s. | ||
| 610 | 2 | 0 | |a metódy štatistické |
| 610 | 2 | 0 | |a grafika počítačová |
| 610 | 2 | 0 | |a distribúcia informácií |
| 610 | 2 | 0 | |a štatistika matematická |
| 610 | 2 | 0 | |a analýza štatistická |
| 100 | 1 | |a Mason, Robert D. | |
| 700 | 1 | |a Lind, Douglas A. | |